000 00637nam a22002417a 4500
003 UA-OsUOA
001 25082
007 ta
008 20040312b un ||||| |||| 00| 0 ukr d
090 _a347.73(470+571)
_bН23
942 _cBK
040 _aUA-OsUOA
_brus
_cUA-OsUOA
_dUA-OsUOA
245 _aНалоговое споры
_bСборник документов
_cРед. М.Ю.Тихомиров
300 _a283 с.
955 _a0
041 _arus
080 _a347.73(470+571)
020 _a5-89194-067-1
260 _aМосква
_bЮринформцентр
_c2001
044 _aRU
650 7 _2UDC
999 _c311373
_d311373